<?xml version="1.0" encoding="UTF-8"?>
<record
    xmlns:xsi="http://www.w3.org/2001/XMLSchema-instance"
    xsi:schemaLocation="http://www.loc.gov/MARC21/slim http://www.loc.gov/standards/marcxml/schema/MARC21slim.xsd"
    xmlns="http://www.loc.gov/MARC21/slim">

  <leader>00527nam a22001217a 4500</leader>
  <datafield tag="999" ind1=" " ind2=" ">
    <subfield code="c">9704</subfield>
    <subfield code="d">9704</subfield>
  </datafield>
  <controlfield tag="003">OSt</controlfield>
  <controlfield tag="008">201211b           ||||| |||| 00| 0 eng d</controlfield>
  <datafield tag="245" ind1=" " ind2=" ">
    <subfield code="a">Prabandhan Indian Journal of Management</subfield>
  </datafield>
  <datafield tag="250" ind1=" " ind2=" ">
    <subfield code="a">2019(Jan Vol.12 No.1, Feb Vol.12 No.2, Mar Vol.12 No.3, Apr Vol.12 No.4, May Vol.12 No.5, Jun Vol.12 No.6, Jul Vol.12 No.7, Aug Vol.12 No.8, Sep Vol.12 No.9, Oct Vol,12 No.10, Nov Vol.12 No.11, Dec Vol.12 No.12)</subfield>
  </datafield>
  <datafield tag="260" ind1=" " ind2=" ">
    <subfield code="a">New Delhi</subfield>
    <subfield code="b">Associated Management Consultant Pvt. Ltd.</subfield>
  </datafield>
  <datafield tag="650" ind1=" " ind2=" ">
    <subfield code="a">Management</subfield>
  </datafield>
  <datafield tag="942" ind1=" " ind2=" ">
    <subfield code="2">ddc</subfield>
    <subfield code="c">BV</subfield>
  </datafield>
  <datafield tag="952" ind1=" " ind2=" ">
    <subfield code="0">0</subfield>
    <subfield code="1">0</subfield>
    <subfield code="2">ddc</subfield>
    <subfield code="3">Bound Volume</subfield>
    <subfield code="4">0</subfield>
    <subfield code="7">1</subfield>
    <subfield code="8">MBA</subfield>
    <subfield code="a">PIET</subfield>
    <subfield code="b">PIET</subfield>
    <subfield code="d">2020-12-11</subfield>
    <subfield code="e">Associated Management Consultant Pvt. Ltd.</subfield>
    <subfield code="h">2019(Jan Vol.12 No.1, Feb Vol.12 No.2, Mar Vol.12 No.3, Apr Vol.12 No.4, May Vol.12 No.5, Jun Vol.12 No.6, Jul Vol.12 No.7, Aug Vol.12 No.8, Sep Vol.12 No.9, Oct Vol,12 No.10, Nov Vol.12 No.11, Dec Vol.12 No.12)</subfield>
    <subfield code="l">0</subfield>
    <subfield code="p">BV406</subfield>
    <subfield code="r">2020-12-11 00:00:00</subfield>
    <subfield code="w">2020-12-11</subfield>
    <subfield code="y">BV</subfield>
  </datafield>
</record>
